000 00314nam a2200145Ia 4500
100 _aSalmon/W./ Simon/E.N
650 _aChemistry
942 _cBK
654 _aFoundry
245 _aFoundry Practice
260 _bEnglish language book society
_c2001
082 _a671.2
300 _a374
546 _aENGLISH
999 _c30564
_d30564